| 000 | 01125cam a2200277 a 4500 | ||
|---|---|---|---|
| 001 | 16 | ||
| 003 | BR-CuiBMT | ||
| 005 | 20231113223440.0 | ||
| 008 | 230724s2018 mgba 000 0 por d | ||
| 020 | _a9788545005216 | ||
| 040 |
_aBR-CuiBMT _cBR-CuiBMT |
||
| 080 |
_22007 _a351.94:336.148 |
||
| 090 |
_a351.94:336.148 _bT822 _c2. ed. |
||
| 245 | 0 | 0 |
_aTribunais de contas : _btemas polêmicos : na visão de ministros e conselheiros substitutos / _cLuiz Henrique Lima, coordenador ; Marcos Bemquerer Costa prefácio ; [autores Alexandre Manir Figueiredo Sarquis ... et al.]. |
| 250 | _a2. ed., rev., ampl. e atual. | ||
| 260 |
_aBelo Horizonte : _bFórum, _c2018. |
||
| 300 |
_a292 p. : _bil. ; _c22 cm |
||
| 504 | _aInclui bibliografia. | ||
| 650 |
_aTribunal de contas _xPoderes e atribuições _zBrasil |
||
| 650 |
_aTribunal de contas _xDoutrinas e controvérsias _yBrasil |
||
| 650 |
_a Tribunal de contas _xAspectos constitucionais _z Brasil |
||
| 650 |
_aControle externo _z Brasil |
||
| 700 | 1 |
_aLima, Luiz Henrique _4coord. |
|
| 700 | 1 |
_aSarquis, Alexandre Manir Figueiredo _eet al. _eautores |
|
| 942 |
_2udc _n0 _cLV |
||
| 999 |
_c16 _d16 |
||